书目信息 |
| 题名: |
死亡概率2/2
|
|
| 作者: | 岛田庄司 , 岛田庄司 著 ;赵建勋 译 | |
| 分册: | ||
| 出版信息: | 北京 新星出版社 2009.07 |
|
| 页数: | 152页 | |
| 开本: | 22cm | |
| 丛书名: | 午夜文库 | |
| 单 册: | ||
| 中图分类: | I313.45 | |
| 科图分类: | ||
| 主题词: | 侦探小说 , 侦探小说--日本--现代 , 长篇小说--日本--现代 , 长篇小说 | |
| 电子资源: | ||
| ISBN: | 978-7-80225-705-4 | |
| 000 | 01002oam2 2200325 450 | |
| 001 | 1153488581 | |
| 005 | 20111208145222.40 | |
| 010 | @a978-7-80225-705-4@dCNY18.00 | |
| 090 | @aI313.45@bdtz | |
| 096 | @aI313.45@bdtz | |
| 100 | @a20091221d2009 em y0chiy50 ea | |
| 101 | 1 | @achi@cjpn |
| 102 | @aCN@b110000 | |
| 105 | @ay z 000ay | |
| 200 | 1 | @a死亡概率2/2@b专著@f(日)岛田庄司著@F(ri)dao tian zhuang si zhu@g赵建勋译@9si wang gai lv 2/2 |
| 210 | @a北京@c新星出版社@d2009.07 | |
| 215 | @a152页@d22cm | |
| 225 | 2 | @a午夜文库@i大师系列@v095 |
| 300 | @a岛田庄司推理小说 吉敷竹史系列 | |
| 462 | 0 | @1001003890119 |
| 606 | 0 | @a侦探小说 |
| 606 | 0 | @a侦探小说@y日本@z现代 |
| 606 | 0 | @a长篇小说@y日本@z现代 |
| 606 | 0 | @a长篇小说 |
| 690 | @aI313.45@v4 | |
| 701 | 0 | @c(日)@a岛田庄司@c(Shimada Soji@f1948.10~)@4著@9dao tian zhuang si |
| 701 | 0 | @a岛田庄司@Adao tian zhuang si@4著 |
| 702 | 0 | @a赵建勋@4译@9zhao jian xun |
| 801 | 0 | @aCN@bCL@c20090721 |
| 905 | @aZUCC@dI313.45@eD1906 | |
| 死亡概率2/2/(日)岛田庄司著/赵建勋译.-北京:新星出版社,2009.07 |
| 152页;22cm.-(午夜文库.大师系列;095) |
| 岛田庄司推理小说 吉敷竹史系列 |
| ISBN 978-7-80225-705-4:CNY18.00 |
| ● |
| 相关链接 |
|
|
|
正题名:死亡概率2/2
索取号:I313.45/D1906
 
预约/预借
| 序号 | 登录号 | 条形码 | 馆藏地/架位号 | 状态 | 备注 |
| 1 | 826898 | 208268989 | 社科二线400B/400B社科库 5排1列4层/ [索取号:I313.45/D1906] | 在馆 | |
| 2 | 826899 | 208268998 | 文学库116/116文学库 14排3列1层/ [索取号:I313.45/D1906] | 在馆 | |
| 3 | 826900 | 208269005 | 文学库116/116文学库 14排3列1层/ [索取号:I313.45/D1906] | 在馆 |